सायबर-स्पेस और मीडिया / (Record no. 120265)

MARC details
000 -LEADER
fixed length control field 01069nam a22002537a 4500
005 - DATE AND TIME OF LATEST TRANSACTION
control field 20170124103155.0
010 ## - LIBRARY OF CONGRESS CONTROL NUMBER
LC control number B-101693
020 ## - INTERNATIONAL STANDARD BOOK NUMBER
Terms of availability 300.00
International Standard Book Number 8177830503
035 ## - SYSTEM CONTROL NUMBER
System control number B-101693
037 ## - SOURCE OF ACQUISITION
Source of stock number/acquisition Cen Lib/Ret
040 ## - CATALOGING SOURCE
Original cataloging agency DPL
Language of cataloging HN
082 ## - DEWEY DECIMAL CLASSIFICATION NUMBER
Classification number 070
Item number पचौरी
100 ## - MAIN ENTRY--PERSONAL NAME
Personal name पचौरी, सुधीश
9 (RLIN) 89407
245 ## - TITLE STATEMENT
Title सायबर-स्पेस और मीडिया /
Statement of responsibility, etc सुधीश पचौरी
246 ## - VARYING FORM OF TITLE
Title proper/short title Ciber space aur media /
Remainder of title by Sudhesh Pachauri
260 ## - PUBLICATION, DISTRIBUTION, ETC. (IMPRINT)
Place of publication, distribution, etc नयी दिल्ली
Name of publisher, distributor, etc प्रवीन प्रकाशन
Date of publication, distribution, etc 2003
270 ## - ADDRESS
City नयी दिल्ली
Address 1/1079 ई, महरौली
Postal code 110030
300 ## - PHYSICAL DESCRIPTION
Extent 271पृ.
Dimensions 20सेमी(सजिल्द)
650 ## - SUBJECT ADDED ENTRY--TOPICAL TERM
Topical term or geographic name as entry element हिंदी पत्रकारिता
9 (RLIN) 1191
650 ## - SUBJECT ADDED ENTRY--TOPICAL TERM
Topical term or geographic name as entry element हिंदी पत्रकारिता-सायबर स्पेस
9 (RLIN) 89408
650 ## - SUBJECT ADDED ENTRY--TOPICAL TERM
Topical term or geographic name as entry element Hindi journalism
9 (RLIN) 43511
650 ## - SUBJECT ADDED ENTRY--TOPICAL TERM
Topical term or geographic name as entry element Hindi journalism-Cyber Space
9 (RLIN) 89409
942 ## - ADDED ENTRY ELEMENTS (KOHA)
Source of classification or shelving scheme Dewey Decimal Classification
Koha item type Hindi Books
Classification part 070
Call number suffix पचौरी
Holdings
Withdrawn status Lost status Damaged status Not for loan Home library Current library Date acquired Source of acquisition Cost, normal purchase price Total Checkouts Full call number Barcode Date last seen Copy number Cost, replacement price Price effective from Koha item type
        Central Library Central Library 21/09/2015 Cen Lib/Ref 300.00   070 पचौरी B-101693 21/09/2015 1 300.00 21/09/2015 Hindi Books

© Delhi Public Library
Hit Counter
free hit counter